000 00430nam a2200169Ia 4500
003 STCL
008 181203s9999 xx 000 0 und d
020 _a9789332518407
040 _aSTCL
_bEN
_cSTCL
082 _222
100 _aMazidi, Muhammad Ali
245 4 _aThe AVR Microcontroller and Embedded Systems: Using Assembly and C
260 _bPearson
_aNoida
_c2017
300 _a742
546 _aEnglish
942 _2ddc
_cBK
999 _c87312
_d87312